[Event "KO French Advanced <1800"]
[Site "SchemingMind.com"]
[Date "2007.04.16"]
[Round "-"]
[White "kifosi"]
[Black "rampichino"]
[Result "1-0"]
[WhiteCountry "DEN"]
[BlackCountry "ITA"]
[WhiteElo "1857"]
[WhiteRD "69"]
[BlackElo "1424"]
[BlackRD "68"]
[GameID "100899"]

1. e4 e6 2. d4 d5 3. e5 c5 4. dxc5 Qa5+ 5. c3 Qxc5 6. Be3 Qa5 7. Nf3 Bc5 8. Bxc5 Qxc5 9. Nbd2 Ne7 10. Nb3 Qc7
11. Bd3 b6 12. O-O O-O 13. Qc2 a5 14. Bxh7+ Kh8 15. Bd3 g6 16. Rfe1 Kg7 17. Nbd4
1-0

[Event "KO French Advanced <1800"]
[Site "SchemingMind.com"]
[Date "2007.04.15"]
[Round "-"]
[White "rampichino"]
[Black "kifosi"]
[Result "0-1"]
[WhiteCountry "ITA"]
[BlackCountry "DEN"]
[WhiteElo "1424"]
[WhiteRD "68"]
[BlackElo "1857"]
[BlackRD "69"]
[GameID "100904"]

1. e4 e6 2. d4 d5 3. e5 c5 4. c3 Nc6 5. Nf3 Bd7 6. Be2 cxd4 7. cxd4 f6 8. Bb5 Qa5+ 9. Nc3 Bb4 10. Qb3 Bxc3+
11. bxc3 a6 12. Bxc6 Bxc6 13. O-O Rc8 14. Bd2 Qc7 15. Rab1 h6 16. exf6 gxf6 17. Rfe1 Kf7
0-1

[Event "KO French Advanced <1800"]
[Site "SchemingMind.com"]
[Date "2007.04.24"]
[Round "-"]
[White "David Hartley"]
[Black "Gary"]
[Result "1-0"]
[WhiteCountry "ENG"]
[BlackCountry "ENG"]
[WhiteElo "1925"]
[WhiteRD "80"]
[BlackElo "1565"]
[BlackRD "88"]
[GameID "102254"]

1. e4 e6 2. d4 d5 3. e5 c5 4. c3 Nc6 5. Nf3 Qb6 6. Be2 Nge7 7. Na3 cxd4 8. cxd4 Nf5 9. Nc2 Bb4+ 10. Kf1 O-O
11. a3 Be7 12. b4 a5 13. b5 Na7 14. a4 f6 15. g3 Bd7 16. Kg2 Rac8 17. Ne3 Nxe3+ 18. Bxe3 Bb4 19. Bd2 Bxd2 20. Qxd2 Qc7
21. Rac1 Qd8 22. Bd3 b6 23. h4 Qe7 24. Rc2 h6 25. h5 Be8 26. Bg6
1-0

[Event "KO French Advanced <1800"]
[Site "SchemingMind.com"]
[Date "2007.04.24"]
[Round "-"]
[White "Gary"]
[Black "David Hartley"]
[Result "0-1"]
[WhiteCountry "ENG"]
[BlackCountry "ENG"]
[WhiteElo "1565"]
[WhiteRD "88"]
[BlackElo "1925"]
[BlackRD "80"]
[GameID "102262"]

1. e4 e6 2. d4 d5 3. e5 c5 4. c3 Nc6 5. Nf3 Qb6 6. Be2 cxd4 7. cxd4 Nge7 8. O-O Nf5 9. Nc3 Nfxd4 10. Nxd4 Nxd4
11. Be3 Nxe2+ 12. Qxe2 Qc7 13. f4 Bd7 14. Rac1 Bc6 15. Nb5 Qa5 16. a4 a6 17. Bd2 Qd8 18. Nc3 Bb4 19. b3 O-O 20. Na2 Bxd2
21. Qxd2 Qb6+ 22. Kh1 Qxb3 23. Qc2 Qxa4
0-1

[Event "KO French Advanced <1800"]
[Site "SchemingMind.com"]
[Date "2007.04.28"]
[Round "-"]
[White "erikbrynolfson"]
[Black "javilez"]
[Result "1-0"]
[WhiteCountry "USA"]
[BlackCountry "NCA"]
[WhiteElo "1779"]
[WhiteRD "64"]
[BlackElo "1762"]
[BlackRD "63"]
[GameID "102779"]

1. e4 e6 2. d4 d5 3. e5 c5 4. c3 Nc6 5. Nf3 Qb6 6. Bd3 cxd4 7. cxd4 Bd7 8. O-O Nxd4 9. Nxd4 Qxd4 10. Bb5 Qxd1
11. Bxd7+ Kxd7 12. Rxd1 Bc5 13. Nc3 Ne7 14. Bf4 a6 15. Na4 Ba7 16. Be3 Bxe3 17. fxe3 Nc8 18. Rac1 b5 19. Nc5+ Ke7 20. Rc2 Nb6
21. b3 Nd7 22. Nd3 Rac8 23. Rdc1 Nb6 24. Nb4 a5 25. Nc6+ Kd7 26. Na7 Rxc2 27. Rxc2 b4 28. Rc6 Nc8 29. Ra6 Nxa7 30. Rxa7+ Kc6
31. Rxf7 Rg8 32. Re7 h6 33. Rxe6+ Kd7 34. Rd6+ Kc7 35. Rxd5
1-0

[Event "KO French Advanced <1800"]
[Site "SchemingMind.com"]
[Date "2007.04.28"]
[Round "-"]
[White "javilez"]
[Black "erikbrynolfson"]
[Result "0-1"]
[WhiteCountry "NCA"]
[BlackCountry "USA"]
[WhiteElo "1776"]
[WhiteRD "67"]
[BlackElo "1795"]
[BlackRD "65"]
[GameID "102783"]

1. e4 e6 2. d4 d5 3. e5 c5 4. c3 Nc6 5. Nf3 Qb6 6. a3 Bd7 7. b4 cxb4 8. axb4 Nge7 9. Bd3 Nf5 10. Be3 Nxe3
11. fxe3 Be7 12. O-O O-O-O 13. Nbd2 f6 14. exf6 gxf6 15. Qc2 f5 16. Ra2 Rdf8 17. Rfa1 Kd8 18. b5 Nb8 19. Ne5 Bxb5 20. Bxb5 Qxb5
21. Rb1 Qe2 22. Nf1 Qxc2 23. Rxc2 Nc6 24. Rxb7 Nxe5 25. dxe5 Bc5 26. Rcb2 Ke8 27. Rb8+ Kf7 28. R2b7+ Kg6 29. Rxf8 Rxf8 30. Kf2 f4
31. Ke2 fxe3 32. Nxe3 Rf7 33. Rxf7 Kxf7 34. g4 Bxe3 35. Kxe3 a5 36. Kd3 Kg6 37. h4 h5 38. g5 Kf5 39. c4 a4 40. c5 a3
41. Kc2 d4 42. c6 d3+ 43. Kxd3 a2 44. c7 a1=Q 45. c8=Q Qf1+ 46. Kd2 Qf4+ 47. Ke2 Qxe5+ 48. Kd2 Qh2+
0-1

[Event "KO French Advanced <1800"]
[Site "SchemingMind.com"]
[Date "2007.05.07"]
[Round "-"]
[White "dinoladetto"]
[Black "tiggeronvrb"]
[Result "1-0"]
[WhiteCountry "ITA"]
[BlackCountry "SCO"]
[WhiteElo "1827"]
[WhiteRD "76"]
[BlackElo "1744"]
[BlackRD "65"]
[GameID "104052"]

1. e4 e6 2. d4 d5 3. e5 c5 4. c3 Nc6 5. Nf3 Qb6 6. Be2 cxd4 7. cxd4 Nge7 8. Na3 Nf5 9. Nc2 Bd7 10. O-O Be7
11. a3 O-O 12. b4 Rac8 13. Bb2 f6 14. Rc1 fxe5 15. Nxe5 Nxe5 16. dxe5 Bg5 17. Rb1 Ba4 18. Bd3 Kh8 19. Bc1 Bxc1 20. Rxc1 Nd4
21. Qh5 Nf5 22. Bxf5 Rxf5 23. Qe2 Rcf8 24. Ne3 Rxe5 25. Qd2 Bb5 26. Rfe1 Qd6 27. Qd4 Rh5 28. g3 b6 29. Ng2 e5 30. Qg4 Be8
31. Rc8 Bg6 32. Rec1 Rf5 33. R1c6 Qe7 34. R8c7 Qd8 35. Nh4 Rxf2 36. Nxg6+ hxg6 37. Qxg6
1-0

[Event "KO French Advanced <1800"]
[Site "SchemingMind.com"]
[Date "2007.05.07"]
[Round "-"]
[White "tiggeronvrb"]
[Black "dinoladetto"]
[Result "0-1"]
[WhiteCountry "SCO"]
[BlackCountry "ITA"]
[WhiteElo "1744"]
[WhiteRD "65"]
[BlackElo "1827"]
[BlackRD "76"]
[GameID "104058"]

1. e4 e6 2. d4 d5 3. e5 c5 4. c3 Nc6 5. Nf3 Qb6 6. Be2 cxd4 7. cxd4 Nge7 8. Na3 Nf5 9. Nc2 Bb4+ 10. Nxb4 Qxb4+
11. Bd2 Qxb2 12. O-O Nfxd4 13. Bd3 Nxf3+ 14. gxf3 Nxe5 15. Bc1 Qc3 16. Be2 Qxa1 17. Qa4+ Nc6 18. Qb3 Qe5 19. Re1 O-O 20. Bb2 Qg5+
21. Kh1 f6 22. Rg1 Qd2
0-1

[Event "KO French Advanced <1800"]
[Site "SchemingMind.com"]
[Date "2007.05.13"]
[Round "-"]
[White "Theodoric"]
[Black "martin_"]
[Result "1-0"]
[WhiteCountry "ENG"]
[BlackCountry "GER"]
[WhiteElo "1803"]
[WhiteRD "74"]
[BlackElo "1442"]
[BlackRD "61"]
[GameID "104212"]

1. e4 e6 2. d4 d5 3. e5 Nc6 4. Nf3 Nh6 5. Bxh6 gxh6 6. Nbd2 Bd7 7. Nb3 Qe7 8. Qd2 O-O-O 9. c3 f6 10. O-O-O fxe5
11. dxe5 Bg7 12. Re1 Kb8 13. g3 Rhf8 14. Bg2 a6 15. Qd3 Rxf3 16. Qxf3 Bxe5 17. Kb1
1-0

[Event "KO French Advanced <1800"]
[Site "SchemingMind.com"]
[Date "2007.05.13"]
[Round "-"]
[White "martin_"]
[Black "Theodoric"]
[Result "0-1"]
[WhiteCountry "GER"]
[BlackCountry "ENG"]
[WhiteElo "1560"]
[WhiteRD "66"]
[BlackElo "1839"]
[BlackRD "89"]
[GameID "104218"]

1. e4 e6 2. d4 d5 3. e5 c5 4. Nf3 Qb6 5. Be3 Nc6 6. c3 Qxb2 7. Nbd2 c4 8. Be2 Qxc3 9. O-O Nge7 10. Rb1 Nf5
11. Bf4 Nfxd4 12. Nxd4 Nxd4
0-1

[Event "KO French Advanced <1800"]
[Site "SchemingMind.com"]
[Date "2007.05.11"]
[Round "-"]
[White "jtrochez1"]
[Black "cnbcad"]
[Result "1-0"]
[WhiteCountry "HON"]
[BlackCountry "USA"]
[WhiteElo "1569"]
[WhiteRD "49"]
[BlackElo "1565"]
[BlackRD "51"]
[GameID "104587"]

1. e4 e6 2. d4 d5 3. e5 Nc6 4. c3 f6 5. Nf3 fxe5 6. dxe5 Nh6 7. Bxh6 gxh6 8. c4 Bg7 9. cxd5 exd5 10. Nbd2 Bg4
11. Qa4 Bxf3 12. Nxf3 Qe7 13. Bb5 Qd7 14. Rd1 a6 15. Bxc6 Qxc6 16. Qg4 Qd7 17. e6 Qe7 18. O-O O-O-O 19. b3 Rhg8 20. Qh3 Rd6
21. Rfe1 Bc3 22. Re2 d4 23. Rd3 Rg6 24. Re4 Rd8 25. Nxd4 Bxd4 26. Rdxd4 Qg5 27. e7+ Kb8 28. exd8=Q+
1-0

[Event "KO French Advanced <1800"]
[Site "SchemingMind.com"]
[Date "2007.05.11"]
[Round "-"]
[White "cnbcad"]
[Black "jtrochez1"]
[Result "0-1"]
[WhiteCountry "USA"]
[BlackCountry "HON"]
[WhiteElo "1507"]
[WhiteRD "51"]
[BlackElo "1572"]
[BlackRD "47"]
[GameID "104595"]

1. e4 e6 2. d4 d5 3. e5 a6 4. c3 c5 5. Nf3 c4 6. b3 b5 7. bxc4 bxc4 8. Nbd2 Be7 9. a4 Nc6 10. Ba3 Nh6
11. Bxe7 Qxe7 12. Be2 a5 13. O-O Nf5 14. h3 Nh4 15. Nxh4 Qxh4 16. Nf3 Qe7 17. Rb1 O-O 18. Qc2 f5 19. exf6 Qxf6 20. h4 e5
21. Ng5 Bf5 22. Qc1 Bxb1 23. Qxb1 e4 24. Bg4 Nd8 25. Be2 Ne6 26. Nxe6 Qxe6 27. h5 Rab8 28. Qc1 Qd7 29. Qg5 Rf6 30. Bg4 Qd6
31. f4 Qa3 32. Qxd5+ Kh8 33. Qxe4 Qxa4 34. Bd1 Qd7
0-1

[Event "KO French Advanced <1800"]
[Site "SchemingMind.com"]
[Date "2007.07.12"]
[Round "-"]
[White "kifosi"]
[Black "David Hartley"]
[Result "1/2-1/2"]
[WhiteCountry "DEN"]
[BlackCountry "ENG"]
[WhiteElo "1833"]
[WhiteRD "73"]
[BlackElo "1860"]
[BlackRD "76"]
[GameID "112007"]

1. e4 e6 2. d4 d5 3. e5 c5 4. c3 Nc6 5. Nf3 Qb6 6. a3 Bd7 7. b4 cxd4 8. cxd4 Nge7 9. Nc3 Nf5 10. Na4 Qc7
11. Bb2 Be7 12. Rc1 a6 13. Bd3 Qd8 14. Bxf5 exf5 15. O-O f6 16. g3 O-O 17. Re1 fxe5 18. Nxe5 Be8 19. Nxc6 bxc6 20. Nc5= Bxc5
21. bxc5 Bd7 22. Re3 f4 23. Re5 fxg3 24. fxg3 Qf6 25. Qe2 Rab8 26. Bc3 Bh3 27. a4 Rb7 28. Re8 Rf7 29. Rxf8+ Rxf8 30. a5 Qf3
31. Qxf3 Rxf3 32. Bd2 Rd3=
1/2-1/2

[Event "KO French Advanced <1800"]
[Site "SchemingMind.com"]
[Date "2007.07.11"]
[Round "-"]
[White "David Hartley"]
[Black "kifosi"]
[Result "1/2-1/2"]
[WhiteCountry "ENG"]
[BlackCountry "DEN"]
[WhiteElo "1860"]
[WhiteRD "76"]
[BlackElo "1833"]
[BlackRD "73"]
[GameID "112016"]

1. e4 e6 2. d4 d5 3. e5 c5 4. c3 Nc6 5. Nf3 Bd7 6. Be2 Nge7 7. O-O Ng6 8. Be3 Be7 9. Ne1 O-O 10. Nd2 Qb6
11. Qb3 Qxb3 12. Nxb3 cxd4 13. cxd4 b6 14. f4 Rfc8 15. Nd3 Nb4 16. Nxb4 Bxb4 17. Bd3 a5 18. a3 Be7 19. Nd2 b5 20. Rfc1 b4
21. Rxc8+ Rxc8 22. axb4 Bxb4=
1/2-1/2

[Event "KO French Advanced <1800"]
[Site "SchemingMind.com"]
[Date "2007.08.04"]
[Round "-"]
[White "Theodoric"]
[Black "jtrochez1"]
[Result "1-0"]
[WhiteCountry "ENG"]
[BlackCountry "HON"]
[WhiteElo "1783"]
[WhiteRD "59"]
[BlackElo "1522"]
[BlackRD "48"]
[GameID "114933"]

1. e4 e6 2. d4 d5 3. e5 c5 4. c3 c4 5. b3 b5 6. a4 Bd7 7. Nf3 Be7 8. Be2 f6 9. Bf4 Qb6 10. a5 Qd8
11. b4 a6 12. O-O Nc6 13. Nbd2 Nh6 14. Bxh6 gxh6 15. Nh4 f5 16. Bh5+ Kf8 17. Nhf3 Bg5 18. Ra2 Be8 19. Bxe8 Qxe8 20. Nxg5 hxg5
21. Re1 h5 22. Nf3 g4 23. Nh4 Ne7 24. Qd2 Qf7 25. Qf4 Ng6 26. Nxg6+ Qxg6 27. Re3 h4 28. h3 gxh3 29. Rxh3 Qh5 30. f3 Ke7
31. Rf2 Kd7 32. Kh2 Rag8 33. Rf1 Rg3 34. Rxh4 Rxg2+ 35. Kh3 Qxh4+ 36. Qxh4 Rxh4+ 37. Kxg2 f4 38. Rh1 Rxh1 39. Kxh1 Ke7 40. Kh2 Kf7
41. Kh3 Kg6 42. Kg4
1-0

[Event "KO French Advanced <1800"]
[Site "SchemingMind.com"]
[Date "2007.08.04"]
[Round "-"]
[White "jtrochez1"]
[Black "Theodoric"]
[Result "0-1"]
[WhiteCountry "HON"]
[BlackCountry "ENG"]
[WhiteElo "1522"]
[WhiteRD "48"]
[BlackElo "1783"]
[BlackRD "59"]
[GameID "114938"]

1. e4 e6 2. d4 d5 3. e5 c5 4. c3 Nc6 5. Bb5 Bd7 6. Bxc6 Bxc6 7. Nf3 Ne7 8. Bg5 Qb6 9. b3 h6 10. Be3 Nf5
11. Bc1 Be7 12. h3 cxd4 13. cxd4 Bb4+ 14. Bd2 Nxd4 15. O-O Nxf3+ 16. Qxf3 Bxd2 17. Nxd2 Qd4 18. Qe3 Qxe3 19. fxe3 O-O 20. Rad1 Rac8
21. Nf3 Bb5 22. Rfe1 Ba6 23. Rc1 b6 24. Nd4 Rc5 25. Rxc5 bxc5 26. Nc6 Ra8 27. g4 Kf8 28. Kf2 Rc8 29. Nxa7 Rc7 30. Rc1 Rxa7
31. Rxc5 Bd3 32. a4 g6 33. Kg3 g5 34. h4 Kg7 35. h5 Rb7 36. Rc3 Be2 37. Kf2 Bd1 38. a5 Rxb3 39. Rxb3 Bxb3 40. Ke2 f6
41. exf6+ Kxf6 42. Kd3 e5 43. Kc3 Ba4 44. Kb4 Bc6 45. Kc5 Ba8 46. Kb6 Ke6 47. Ka7 Bc6 48. Kb6 Kd6 49. a6 d4
0-1

[Event "KO French Advanced <1800"]
[Site "SchemingMind.com"]
[Date "2007.08.12"]
[Round "-"]
[White "tacticrules"]
[Black "erikbrynolfson"]
[Result "0-1"]
[WhiteCountry "GER"]
[BlackCountry "USA"]
[WhiteElo "1570"]
[WhiteRD "48"]
[BlackElo "1753"]
[BlackRD "66"]
[GameID "116207"]

1. e4 e6 2. d4 d5 3. e5 c5 4. c3 Nc6 5. Nf3 Qb6 6. a3 Bd7 7. b4 cxd4 8. cxd4 Nge7 9. Bb2 Nf5 10. g4 Nfe7
11. h4 g6 12. Nc3 Bg7 13. g5 Nf5 14. Ne2 O-O 15. Bh3 a5 16. Bxf5 exf5 17. Qb3 Be6 18. b5 a4 19. Qd3 Na5 20. h5 Nc4
21. Bc3 Qxb5 22. h6 Bh8 23. Bb4 Rfc8 24. Nf4 Qc6 25. O-O b5 26. Rab1 Ra7 27. Nd2 Rac7 28. Nxc4 bxc4 29. Qe3 Rb7 30. Rfc1 Rb5
0-1

[Event "KO French Advanced <1800"]
[Site "SchemingMind.com"]
[Date "2007.08.13"]
[Round "-"]
[White "erikbrynolfson"]
[Black "tacticrules"]
[Result "1-0"]
[WhiteCountry "USA"]
[BlackCountry "GER"]
[WhiteElo "1746"]
[WhiteRD "65"]
[BlackElo "1454"]
[BlackRD "49"]
[GameID "116213"]

1. e4 e6 2. d4 d5 3. e5 c5 4. c3 Nc6 5. Bb5 Bd7 6. Nf3 Rc8 7. O-O Qb6 8. a4 a6 9. Bxc6 Bxc6 10. b3 cxd4
11. Nxd4 Ne7 12. Be3 Qc7 13. f4 Ng6 14. Nd2 Be7 15. b4 Bd7 16. Ra3 a5 17. Nb5 Bxb5 18. axb5 axb4 19. cxb4 Bxb4 20. b6 Qd7
21. Ra7 O-O 22. Nb3 Rc3 23. Bd4 Bc5 24. Nxc5 Rxc5 25. Bxc5 Rc8 26. Bd6 Qb5 27. Rxb7 Qc6 28. Rxf7 Kxf7 29. Bc7 Qc5+ 30. Kh1 Ne7
31. Qc1 Qb5 32. Qb1 Qxb1 33. Rxb1 Nc6 34. g3
1-0

[Event "KO French Advanced <1800"]
[Site "SchemingMind.com"]
[Date "2007.09.14"]
[Round "-"]
[White "dinoladetto"]
[Black "Theodoric"]
[Result "0-1"]
[WhiteCountry "ITA"]
[BlackCountry "ENG"]
[WhiteElo "1760"]
[WhiteRD "90"]
[BlackElo "1850"]
[BlackRD "58"]
[GameID "120654"]

1. e4 e6 2. d4 d5 3. e5 c5 4. c3 Nc6 5. Nf3 Qb6 6. Bd3 Bd7 7. dxc5 Bxc5 8. O-O Nge7 9. b4 Nxb4 10. cxb4 Qxb4
11. Qd2 Qxd2 12. Nbxd2 Ba4 13. Bb2 O-O 14. Rfc1 Rac8 15. Nf1 b6 16. Nd4 Ng6 17. Nb3 Bxb3 18. axb3 a5 19. g3 Ne7 20. Nd2 Ng6
21. Kg2 Ne7 22. f4 Nc6 23. Nf3 Nb4 24. Bb5 Be3 25. Rxc8 Rxc8 26. Bd4 Nc2 27. Rd1 Bxd4 28. Nxd4 Ne3+ 29. Kf3 Nxd1 30. Nc6 Kf8
31. Nd4 Nc3 32. Bd3 Na2 33. Bb5 Rc3+ 34. Kg4 Rc1 35. Nc6 Nc3 36. Bd3 Ne4 37. Bb5 Rc2 38. Kh3 Rxc6 39. Bxc6 Nd2 40. Ba4 Ne4
41. Bb5 Nc5 42. Kg2 Nxb3 43. Kf2 Nc5 44. Ke3 a4 45. Kd2 Ke7 46. Kc2 f6 47. Kc3 fxe5 48. fxe5 Kd8 49. Kb4 Kc7 50. Kc3 Nd7
51. Bxa4 Nxe5 52. Be8 Kd6 53. Bh5 Kc5 54. Be2 d4+ 55. Kb2 Kb4 56. h3 d3 57. Bd1 Nc4+ 58. Kc1 e5 59. Bf3 Kc3 60. g4 d2+
61. Kb1 Ne3
0-1

[Event "KO French Advanced <1800"]
[Site "SchemingMind.com"]
[Date "2007.09.14"]
[Round "-"]
[White "Theodoric"]
[Black "dinoladetto"]
[Result "1-0"]
[WhiteCountry "ENG"]
[BlackCountry "ITA"]
[WhiteElo "1828"]
[WhiteRD "57"]
[BlackElo "1772"]
[BlackRD "88"]
[GameID "120667"]

1. e4 e6 2. d4 d5 3. e5 c5 4. c3 Nc6 5. Nf3 Qb6 6. Be2 Bd7 7. O-O cxd4 8. cxd4 Nge7 9. b3 Nf5 10. Bb2 Rc8
11. Na3 Be7 12. Nc2 O-O 13. Bd3 f6 14. Bxf5 exf5 15. Re1 Nb4 16. Nxb4 Qxb4 17. a3 Qb6 18. b4 a5 19. exf6 Bxf6 20. Qd2 a4
21. Ne5 Bxe5 22. Rxe5 Qg6 23. Rae1 f4 24. Rc1 Bh3 25. f3 Rxc1+ 26. Bxc1 Rc8 27. Re2 Qb1 28. Re1 Rc2 29. Qxf4 Rxg2+ 30. Kh1 Qg6
31. Qb8+ Kf7 32. Qc7+ Kf6 33. Qe7+ Kf5 34. Qe5#
1-0

[Event "KO French Advanced <1800"]
[Site "SchemingMind.com"]
[Date "2007.11.04"]
[Round "-"]
[White "erikbrynolfson"]
[Black "David Hartley"]
[Result "0-1"]
[WhiteCountry "USA"]
[BlackCountry "ENG"]
[WhiteElo "1744"]
[WhiteRD "69"]
[BlackElo "1890"]
[BlackRD "80"]
[GameID "127643"]

1. e4 e6 2. d4 d5 3. e5 c5 4. c3 Nc6 5. Nf3 Qb6 6. Be2 cxd4 7. cxd4 Nge7 8. O-O Nf5 9. b3 Nfxd4 10. Be3 Bc5
11. Nc3 Nxf3+ 12. Bxf3 Bxe3 13. Nxd5 exd5 14. fxe3 Qxe3+ 15. Kh1 Be6 16. Bxd5 O-O-O 17. Bxe6+ fxe6 18. Qc2 Qxe5 19. Rfe1 Qf6 20. b4 Kb8
21. Rac1 Nxb4 22. Qc7+ Ka8 23. Rb1 Rhf8 24. a3 Rf7 25. Qe5 Qxe5 26. Rxe5 Nc2 27. Rxe6 Nxa3 28. Rbe1 Rfd7
0-1

[Event "KO French Advanced <1800"]
[Site "SchemingMind.com"]
[Date "2007.11.04"]
[Round "-"]
[White "David Hartley"]
[Black "erikbrynolfson"]
[Result "1/2-1/2"]
[WhiteCountry "ENG"]
[BlackCountry "USA"]
[WhiteElo "1876"]
[WhiteRD "77"]
[BlackElo "1748"]
[BlackRD "72"]
[GameID "127651"]

1. e4 e6 2. d4 d5 3. e5 c5 4. c3 Nc6 5. Nf3 Qb6 6. Be2 Bd7 7. O-O Nge7 8. b3 Nf5 9. Be3 Nxe3 10. fxe3 Be7
11. Nbd2 O-O-O 12. Bd3 f5 13. Rc1 g5 14. Rf2 g4 15. Ne1 h5 16. Rf1 h4 17. Be2 Bg5 18. Nc2 Rdf8 19. a3 f4 20. exf4 Bxf4
21. Kh1 Kb8 22. Bxg4 cxd4 23. cxd4 Nxd4 24. Nxd4 Qxd4 25. Nf3 Qb2 26. Ra1 Rfg8 27. Bh3 Bxe5 28. Rb1 Qc3 29. Rc1 Qb2 30. Rb1 Qc3=
1/2-1/2

[Event "KO French Advanced <1800"]
[Site "SchemingMind.com"]
[Date "2008.01.26"]
[Round "-"]
[White "Theodoric"]
[Black "David Hartley"]
[Result "1-0"]
[WhiteCountry "ENG"]
[BlackCountry "ENG"]
[WhiteElo "1875"]
[WhiteRD "59"]
[BlackElo "1847"]
[BlackRD "73"]
[GameID "138274"]

1. e4 e6 2. d4 d5 3. e5 c5 4. c3 Nc6 5. Nf3 Qb6 6. Be2 cxd4 7. cxd4 Nh6 8. b3 Nf5 9. Bb2 Bb4+ 10. Kf1 O-O
11. g3 f6 12. Kg2 fxe5 13. dxe5 Nfe7 14. Rf1 Bc5 15. Nc3 Qd8 16. Na4 b6 17. Rc1 Nf5 18. Nxc5 bxc5 19. Rxc5 Bd7 20. Qd2 Nfe7
21. Bd3 Qe8 22. Ng5 g6 23. Nh3 Qb8 24. Qg5 Qe8 25. a3 a5 26. Nf4 Qf7 27. Bb5 Qf5 28. Qxf5 Rxf5 29. Bxc6 Nxc6 30. Nxe6 Nxe5
31. Nf4 Kf7 32. Rc7 Ke8 33. Re1 Kd8 34. Bxe5 Rxe5 35. Rxd7+
1-0

[Event "KO French Advanced <1800"]
[Site "SchemingMind.com"]
[Date "2008.01.26"]
[Round "-"]
[White "David Hartley"]
[Black "Theodoric"]
[Result "0-1"]
[WhiteCountry "ENG"]
[BlackCountry "ENG"]
[WhiteElo "1847"]
[WhiteRD "73"]
[BlackElo "1875"]
[BlackRD "59"]
[GameID "138286"]

1. e4 e6 2. d4 d5 3. e5 c5 4. c3 Nc6 5. Nf3 Qb6 6. Be2 cxd4 7. cxd4 Nge7 8. Na3 Nf5 9. Nc2 Be7 10. O-O O-O
11. b3 Bd7 12. Bb2 Rac8 13. Nfe1 f6 14. Kh1 fxe5 15. dxe5 Bc5 16. f4 Bf2 17. Nd3 Bh4 18. Rf3 Ncd4 19. Nxd4 Nxd4 20. Bxd4 Qxd4
21. Rf1 Bb5 22. Rf3 Bxd3 23. Bxd3 Rxf4 24. Rxf4 Qxf4 25. g3 Bxg3 26. hxg3 Qxg3 27. Qe2 Qh3+ 28. Kg1 Qg3+ 29. Kf1 Rf8+
0-1